Handbook of health psychology / (Record no. 2551)

000 -LEADER
fixed length control field 05831cam a2200397 a 4500
001 - CONTROL NUMBER
control field 17020794
003 - CONTROL NUMBER IDENTIFIER
control field OSt
005 - DATE AND TIME OF LATEST TRANSACTION
control field 20180117085944.0
008 - FIXED-LENGTH DATA ELEMENTS--GENERAL INFORMATION
fixed length control field 111025s2012 nyua bf 001 0 eng
010 ## - LIBRARY OF CONGRESS CONTROL NUMBER
LC control number 2011044532
020 ## - INTERNATIONAL STANDARD BOOK NUMBER
International Standard Book Number 9780805864618 (hardback)
040 ## - CATALOGING SOURCE
Original cataloging agency DLC
Transcribing agency DLC
Modifying agency DLC
042 ## - AUTHENTICATION CODE
Authentication code pcc
050 00 - LIBRARY OF CONGRESS CALL NUMBER
Classification number R726.7
Item number .H3645 2012
082 00 - DEWEY DECIMAL CLASSIFICATION NUMBER
Classification number 616.89
Edition number 23
084 ## - OTHER CLASSIFICATION NUMBER
Classification number PSY003000
-- PSY036000
-- PSY007000
Number source bisacsh
245 00 - TITLE STATEMENT
Title Handbook of health psychology /
Statement of responsibility, etc. edited by Andrew Baum, Tracey A. Revenson, Jerome Singer.
250 ## - EDITION STATEMENT
Edition statement 2nd ed.
260 ## - PUBLICATION, DISTRIBUTION, ETC.
Place of publication, distribution, etc. New York :
Name of publisher, distributor, etc. Psychology Press,
Date of publication, distribution, etc. c2012.
300 ## - PHYSICAL DESCRIPTION
Extent xxvi, 882 p. :
Other physical details ill. ;
Dimensions 26 cm.
504 ## - BIBLIOGRAPHY, ETC. NOTE
Bibliography, etc. note Includes bibliographical references and indexes.
520 ## - SUMMARY, ETC.
Summary, etc. "Considered <EM>the most comprehensive handbook</EM> in the field, this new edition reviews the latest approaches to the most critical topics in health psychology today. This edition maintains the bio-psycho-social model framework. It cuts across concepts (e.g., behavior change), populations (e.g. women's health), risk and protective factors (e.g., obesity) and diseases, making it appropriate for a variety of readers from various fields.The contributors include the top researchers and rising stars in field. Each author provides a theoretical foundation, evaluates the empirical evidence, and makes suggestions for future research, clinical practice, and/or policy. Novices to the field appreciate the accessibly written chapters, while seasoned professionals appreciate the books deep, cutting edge coverage. The second edition reflects the enormous progress that has been made in the connections among the bio-psycho-social components of health, behavior, and illness. This model has been expanded across several levels of analysis, including cultural, macro-social, and cellular factors. The 2<SUP>nd</SUP> edition also features:<UL><LI>Greater emphasis on translating research into practice and policy. </LI><LI>Two new sections on risk and protective factors for disease and another on social and structural influences that affect health such as socioeconomic status, reflect the current scholarship in the field.</LI><LI>More on prevention and/or interventions and treatment in the applications section. </LI></UL>The book opens with the fields central theories including a "newer" stress theory that emphasizes the interaction of biological and social systems. Part 2 reviews the mechanisms that help us explain the link between health and behavior across diseases and populations. The all new Part 3 focuses on variables that lead to the onset and progression of major diseases or that are instrumental in promoting health. These factors can be behavioral (e.g., smoking, exercise), psychological (e.g., personality, depression) or a combination of the two (e.g., obesity). Part 4, also new to the 2nd edition, highlights the social and structural influences on health. The book concludes with applications of research to specific disorders. The handbook serves as a text in graduate and/or upper level undergraduate courses in health psychology taught in a variety of departments including psychology, public health, medical sociology, medicine, nursing, and other social and allied health sciences. Because of its comprehensive and current coverage, it also appeals to researchers and practitioners in these fields"--
520 ## - SUMMARY, ETC.
Summary, etc. "Preface Since the publication of the first edition of the Handbook of Health Psychology (Psychology Press, 2001), enormous progress has been made in the connections among biological, psychological, and social components of health, health behavior, and illness. More important, scholars in the fi eld have expanded this tripartite model across even more levels of analysis, including cultural and macrosocial factors at one end and cellular factors at the other. Moreover, a new emphasis has been to translate research evidence in to practice and policy. The second edition of the handbook refl ects these changes and is quite different from the fi rst in terms of both approach and content. The 34 chapters are written by some of the top scholars in health psychology. Each author has taken seriously the task of providing a theoretical foundation, synthesizing and evaluating the empirical evidence, and contemplating how the state of the science can inform future research, clinical practice, and/or policy. The book maintains the fi rst edition's framework of the biopsychosocial model, but the choice of topics refl ects the advances that have been made in the fi eld over the past quarter century. Specifi cally, this new edition adds sections on risk and protective factors for disease and on macro-level factors that affect health. We believe that this structure more closely refl ects current scholarship in health psychology. The fi rst section, "Overarching Frameworks and Paradigms," presents the central theories that inform many areas of research within the fi eld. For example, the concept of allostatic load is a "newer" stress theory that emphasizes the interaction of biological and social systems and may explain the onset of many conditions"--
650 #0 - SUBJECT ADDED ENTRY--TOPICAL TERM
Topical term or geographic name entry element Clinical health psychology
Form subdivision Handbooks, manuals, etc.
650 #0 - SUBJECT ADDED ENTRY--TOPICAL TERM
Topical term or geographic name entry element Medicine and psychology
Form subdivision Handbooks, manuals, etc.
650 #7 - SUBJECT ADDED ENTRY--TOPICAL TERM
Topical term or geographic name entry element PSYCHOLOGY / Applied Psychology
Source of heading or term bisacsh.
650 #7 - SUBJECT ADDED ENTRY--TOPICAL TERM
Topical term or geographic name entry element PSYCHOLOGY / Mental Health
Source of heading or term bisacsh.
650 #7 - SUBJECT ADDED ENTRY--TOPICAL TERM
Topical term or geographic name entry element PSYCHOLOGY / Clinical Psychology
Source of heading or term bisacsh.
700 1# - ADDED ENTRY--PERSONAL NAME
Personal name Baum, Andrew.
700 1# - ADDED ENTRY--PERSONAL NAME
Personal name Revenson, Tracey A.
700 1# - ADDED ENTRY--PERSONAL NAME
Personal name Singer, Jerome E.
906 ## - LOCAL DATA ELEMENT F, LDF (RLIN)
a 7
b cbc
c orignew
d 1
e ecip
f 20
g y-gencatlg
942 ## - ADDED ENTRY ELEMENTS (KOHA)
Source of classification or shelving scheme
Koha item type Book
Holdings
Withdrawn status Lost status Source of classification or shelving scheme Damaged status Not for loan Collection code Permanent Location Current Location Shelving location Date acquired Total Checkouts Full call number Barcode Date last seen Date last checked out Price effective from Koha item type
            Central Library (CL) Central Library (CL) General Stacks 01/26/2016 1 616.89 BAU S3H-S-1 08/22/2023 10/04/2018 01/26/2016 Book
© 2023 Central Library, National University of Sciences and Technology. All Rights Reserved.